|
|
|
|
| LEADER |
01493nam a2200409Ia 4500 |
| 001 |
EBC555453 |
| 003 |
MiAaPQ |
| 005 |
20200520144314.0 |
| 006 |
m o d | |
| 007 |
cr cn||||||||| |
| 008 |
091110s2009 enk sb 001 0 eng d |
| 020 |
|
|
|z 9780230574786
|
| 020 |
|
|
|z 0230574785
|
| 035 |
|
|
|a (MiAaPQ)EBC555453
|
| 035 |
|
|
|a (Au-PeEL)EBL555453
|
| 035 |
|
|
|a (CaPaEBR)ebr10400137
|
| 035 |
|
|
|a (CaONFJC)MIL267408
|
| 035 |
|
|
|a (OCoLC)650310384
|
| 040 |
|
|
|a MiAaPQ
|c MiAaPQ
|d MiAaPQ
|
| 050 |
|
4 |
|a D720
|b .B69 2009
|
| 082 |
0 |
4 |
|a 940.5311
|2 22
|
| 100 |
1 |
|
|a Boyce, Robert W. D.,
|d 1943-
|
| 245 |
1 |
4 |
|a The great interwar crisis and the collapse of globalization
|h [electronic resource] /
|c Robert Boyce.
|
| 260 |
|
|
|a Basingstoke :
|b Palgrave Macmillan,
|c 2009.
|
| 300 |
|
|
|a xi, 611 p.
|
| 504 |
|
|
|a Includes bibliography and index.
|
| 533 |
|
|
|a Electronic reproduction. Ann Arbor, MI : ProQuest, 2015. Available via World Wide Web. Access may be limited to ProQuest affiliated libraries.
|
| 650 |
|
0 |
|a International finance
|x History
|y 20th century.
|
| 650 |
|
0 |
|a World politics
|y 1919-1932.
|
| 650 |
|
0 |
|a World politics
|y 1933-1945.
|
| 650 |
|
0 |
|a History, Modern
|y 20th century.
|
| 650 |
|
0 |
|a World War, 1939-1945
|x Causes.
|
| 650 |
|
0 |
|a World War, 1939-1945
|x Diplomatic history.
|
| 650 |
|
0 |
|a Globalization.
|
| 655 |
|
4 |
|a Electronic books.
|
| 710 |
2 |
|
|a ProQuest (Firm)
|
| 856 |
4 |
0 |
|u https://ebookcentral.proquest.com/lib/matrademy/detail.action?docID=555453
|z Click to View
|